[Event "Vojvodina-chT"]
[Site "Novi Sad"]
[Date "2017.11.18"]
[Round "8.6"]
[White "Kostic, Filip"]
[Black "Strangar, Zlatko"]
[Result "1-0"]
[WhiteElo "2167"]
[BlackElo "2227"]
[PlyCount "71"]
[EventDate "2017.11.13"]
[EventType "team-tourn"]
[EventRounds "11"]
[EventCountry "SRB"]
[SourceTitle "CBM 181 Extra"]
[Source "ChessBase"]
[SourceDate "2017.12.12"]
[SourceVersion "1"]
[SourceVersionDate "2017.12.12"]
[SourceQuality "1"]
[WhiteTeam "Petrovaradin Kraljica"]
[BlackTeam "Sombor"]
[WhiteTeamCountry "SRB"]
[BlackTeamCountry "SRB"]

1. d4 Nf6 2. Nf3 g6 3. c4 Bg7 4. Nc3 0-0 5. e4 d6 6. Be2 Nbd7 7. e5 Ne8 8. 0-0 c5 9. e6 fxe6 10. Ng5 Nc7 11. Bg4 cxd4 12. Bxe6+ Kh8 13. Ne2 d3 14. Nf4 Ne5 15. Bxc8 Qxc8 16. Nxd3 Nxc4 17. Qe2 Ne5 18. Nxe5 Bxe5 19. Nf3 Bf6 20. Bh6 Re8 21. Rac1 Qd7 22. h4 Rac8 23. Ng5 e5 24. h5 Qe7 25. Qg4 gxh5 26. Qxh5 Ne6 27. Ne4 Bg7 28. Bg5 Nxg5 29. Nxg5 Bf6 30. Nf7+ Kg7 31. Rxc8 Rxc8 32. Nxd6 Qe6 33. Nxc8 Qxc8 34. Rd1 e4 35. b3 Qe6 36. Qd5 1-0

[Event "SRB-chT2 Vojvodina League"]
[Site "Kac"]
[Date "2012.10.17"]
[Round "6"]
[White "Strangar, Zlatko"]
[Black "Kovacevic, Slavko"]
[Result "1-0"]
[WhiteElo "2221"]
[BlackElo "2187"]
[PlyCount "45"]
[EventDate "2012.10.14"]
[EventType "team-swiss"]
[EventRounds "11"]
[EventCountry "SRB"]
[SourceTitle "EXT 2015"]
[Source "ChessBase"]
[SourceDate "2014.11.20"]
[SourceVersion "1"]
[SourceVersionDate "2014.11.20"]
[SourceQuality "1"]

1. e4 c5 2. Nc3 Nc6 3. Nge2 g6 4. d4 cxd4 5. Nxd4 Bg7 6. Be3 d6 7. Qd2 Bd7 8. 0-0-0 Nf6 9. f3 a6 10. g4 Qc7 11. g5 Nh5 12. Nd5 Qb8 13. Nb6 Ra7 14. Be2 Bh3 15. f4 Bg2 16. Bxh5 Bxh1 17. Rxh1 gxh5 18. Nf5 Bf8 19. e5 a5 20. exd6 exd6 21. Re1 Kd8 22. Qc3 Rg8 23. Qf6+ 1-0

[Event "SRB-chT2 Vojvodina League"]
[Site "Kac"]
[Date "2012.10.17"]
[Round "5"]
[White "Strangar, Zlatko"]
[Black "Okilj, Tigran"]
[Result "1/2-1/2"]
[WhiteElo "2221"]
[BlackElo "2089"]
[PlyCount "64"]
[EventDate "2012.10.14"]
[EventType "team-swiss"]
[EventRounds "11"]
[EventCountry "SRB"]
[SourceTitle "EXT 2015"]
[Source "ChessBase"]
[SourceDate "2014.11.20"]
[SourceVersion "1"]
[SourceVersionDate "2014.11.20"]
[SourceQuality "1"]

1. e4 d6 2. d4 Nf6 3. Bd3 g6 4. Nf3 Bg7 5. 0-0 0-0 6. h3 Nbd7 7. Re1 e5 8. c3 c6 9. a4 Re8 10. Nbd2 d5 11. exd5 Nxd5 12. dxe5 Nxe5 13. Nxe5 Rxe5 14. Rxe5 Bxe5 15. Nf3 Bf6 16. Bh6 Be6 17. Qd2 Qd7 18. Ng5 Bg7 19. Bxg7 Kxg7 20. Re1 Nc7 21. Qe3 Re8 22. Qg3 Bf5 23. Rxe8 Nxe8 24. Bc4 f6 25. Nf3 Nd6 26. Bb3 Be6 27. Bxe6 Qxe6 28. Qf4 c5 29. b4 b6 30. a5 Qd5 31. axb6 axb6 32. bxc5 bxc5 1/2-1/2

[Event "Vojvodina-chT2"]
[Site "Vrbas"]
[Date "2011.10.01"]
[Round "10"]
[White "Strangar, Zlatko"]
[Black "Mitrovanov, Djordje"]
[Result "1-0"]
[WhiteElo "2203"]
[BlackElo "2134"]
[PlyCount "85"]
[EventDate "2011.09.25"]
[EventType "team-tourn"]
[EventRounds "11"]
[EventCountry "SRB"]
[SourceTitle "CBM 144 Extra"]
[Source "ChessBase"]
[SourceDate "2011.10.28"]
[SourceVersion "1"]
[SourceVersionDate "2011.10.28"]
[SourceQuality "1"]

1. e4 e5 2. Nf3 Nc6 3. Bb5 a6 4. Ba4 Nf6 5. Qe2 Bc5 6. c3 0-0 7. 0-0 b5 8. Bb3 d6 9. a4 Rb8 10. d3 Qe7 11. axb5 axb5 12. Be3 Bxe3 13. fxe3 Be6 14. Bc2 d5 15. exd5 Nxd5 16. Nbd2 Bg4 17. Qf2 Kh8 18. Ra6 Rb6 19. Rxb6 Nxb6 20. d4 Bd7 21. Qg3 exd4 22. exd4 Qe3+ 23. Kh1 Nd5 24. Bb3 Nce7 25. Re1 Qd3 26. Ne4 Be6 27. Qf2 b4 28. Bc2 Qb5 29. Neg5 h6 30. Nxe6 fxe6 31. Rxe6 bxc3 32. bxc3 Qb2 33. Qd2 Ng8 34. Qd3 Ngf6 35. Rc6 Qc1+ 36. Qd1 Qe3 37. Qd2 Qxd2 38. Nxd2 Re8 39. Nf3 Re2 40. Bb3 Ne3 41. Re6 Nfg4 42. h3 Nf2+ 43. Kg1 1-0

[Event "Vojvodina-chT"]
[Site "Sombor"]
[Date "2009.10.02"]
[Round "8"]
[White "Cabarkapa, Novak"]
[Black "Strangar, Zlatko"]
[Result "0-1"]
[WhiteElo "2033"]
[BlackElo "2192"]
[PlyCount "62"]
[EventDate "2009.09.27"]
[EventType "team-swiss"]
[EventRounds "11"]
[EventCountry "YUG"]
[SourceTitle "EXT 2012"]
[Source "ChessBase"]
[SourceDate "2011.11.24"]
[SourceVersion "1"]
[SourceVersionDate "2011.11.24"]
[SourceQuality "1"]

1. e4 e6 2. d3 d5 3. Nd2 Nf6 4. g3 Be7 5. Bg2 c5 6. Ne2 Nc6 7. c3 Ne5 8. Nf3 Nxf3+ 9. Bxf3 dxe4 10. dxe4 Qxd1+ 11. Kxd1 e5 12. c4 Be6 13. b3 Rd8+ 14. Kc2 Ng4 15. Bxg4 Bxg4 16. Ng1 Bd1+ 17. Kc3 f5 18. Be3 0-0 19. Bd2 Bh5 20. h3 fxe4 21. Be3 Rd3+ 22. Kc2 Bg5 23. Bxc5 Rd2+ 24. Kc3 Rfd8 25. Bxa7 Be7 26. c5 R8d3+ 27. Kb4 Rd4+ 28. Ka5 Be8 29. Bb6 Bc6 30. h4 Ra4+ 31. bxa4 Rd4 0-1

[Event "Vojvodina-chT"]
[Site "Sombor"]
[Date "2009.09.30"]
[Round "6"]
[White "Strangar, Zlatko"]
[Black "Kostic, V Vladimir"]
[Result "1/2-1/2"]
[WhiteElo "2192"]
[BlackElo "2296"]
[PlyCount "63"]
[EventDate "2009.09.27"]
[EventType "team-swiss"]
[EventRounds "11"]
[EventCountry "YUG"]
[SourceTitle "EXT 2012"]
[Source "ChessBase"]
[SourceDate "2011.11.24"]
[SourceVersion "1"]
[SourceVersionDate "2011.11.24"]
[SourceQuality "1"]

1. e4 c5 2. Nf3 Nc6 3. g3 g6 4. Bg2 Bg7 5. d3 d6 6. 0-0 e6 7. Re1 Nge7 8. c3 Qb6 9. Nbd2 0-0 10. Qe2 Bd7 11. Nc4 Qc7 12. a4 e5 13. Nh4 Rae8 14. Rf1 f5 15. f4 Kh8 16. Nf3 Be6 17. Bd2 Bg8 18. Rae1 a6 19. fxe5 Nxe5 20. Ncxe5 dxe5 21. exf5 Nxf5 22. g4 Nd6 23. Ng5 c4 24. Kh1 b5 25. axb5 axb5 26. Bc1 Qd8 27. Qe3 Rxf1+ 28. Rxf1 cxd3 29. Qxd3 Qe7 30. Qh3 Rf8 31. Rxf8 Qxf8 32. Qf3 1/2-1/2

[Event "Vojvodina-chT"]
[Site "Pancevo"]
[Date "2007.09.25"]
[Round "2"]
[White "Kostic, Branimir"]
[Black "Strangar, Zlatko"]
[Result "1-0"]
[WhiteElo "2298"]
[BlackElo "2181"]
[PlyCount "42"]
[EventDate "2007.09.24"]
[EventType "team-tourn"]
[EventRounds "9"]
[EventCountry "SRB"]
[SourceTitle "EXT 2023"]
[Source "ChessBase"]
[SourceDate "2022.10.05"]
[SourceVersion "1"]
[SourceVersionDate "2022.10.05"]
[SourceQuality "1"]

1. d4 Nf6 2. c4 g6 3. Nc3 Bg7 4. e4 d6 5. f3 0-0 6. Bg5 c5 7. d5 h6 8. Be3 e6 9. dxe6 Bxe6 10. Qd2 Kh7 11. Bd3 Nc6 12. Nge2 a6 13. 0-0 Qa5 14. Nf4 Nd4 15. Rad1 Rfd8 16. Qf2 Qb4 17. Nxe6 Nxe6 18. h3 b5 19. cxb5 axb5 20. f4 Nd4 21. a3 Qb3 1-0

[Event "SCG-chT Vojvodina"]
[Site "Sombor"]
[Date "2004.10.01"]
[Round "9.6"]
[White "Strangar, Zlatko"]
[Black "Petakov, Uros"]
[Result "0-1"]
[WhiteElo "2195"]
[BlackElo "2263"]
[PlyCount "86"]
[EventDate "2004.09.25"]
[EventType "team-tourn"]
[EventRounds "11"]
[EventCountry "YUG"]
[SourceTitle "CBM 102 Extra"]
[Source "ChessBase"]
[SourceDate "2004.11.03"]
[SourceVersion "1"]
[SourceVersionDate "2004.11.03"]
[SourceQuality "1"]
[WhiteTeam "09"]
[BlackTeam "04"]
[WhiteTeamCountry "YUG"]
[BlackTeamCountry "YUG"]

1. e4 g6 2. d4 c6 3. Nf3 Bg7 4. c4 d5 5. exd5 cxd5 6. Nc3 dxc4 7. Bxc4 Nf6 8. 0-0 0-0 9. h3 a6 10. a3 b5 11. Ba2 Bb7 12. Ne5 e6 13. Bg5 h6 14. Bh4 Qb6 15. Qd3 g5 16. Bg3 Nc6 17. Rad1 Rad8 18. Nf3 Nh5 19. Bb1 f5 20. Qe2 Rfe8 21. Bh2 Nf6 22. Be5 Nxe5 23. dxe5 Nh5 24. Rxd8 Rxd8 25. Rd1 Nf4 26. Rxd8+ Qxd8 27. Qe3 Qc7 28. Kh2 Qc4 29. Nd2 Qc6 30. Nf3 Ng6 31. Ne2 Bxe5+ 32. Kg1 Bxb2 33. Qb3 Bf6 34. Bxf5 Nf4 35. Ng3 Qd5 36. Qxd5 Bxd5 37. Be4 Bb2 38. Bxd5 exd5 39. h4 gxh4 40. Nxh4 Bxa3 41. Nhf5 Bf8 42. Nf1 Ne2+ 43. Kh2 a5 0-1

[Event "SCG-chT Vojvodina"]
[Site "Sombor"]
[Date "2004.09.30"]
[Round "8.6"]
[White "Vranic, Ljubomir"]
[Black "Strangar, Zlatko"]
[Result "1-0"]
[WhiteElo "2209"]
[BlackElo "2195"]
[PlyCount "83"]
[EventDate "2004.09.25"]
[EventType "team-tourn"]
[EventRounds "11"]
[EventCountry "YUG"]
[SourceTitle "CBM 102 Extra"]
[Source "ChessBase"]
[SourceDate "2004.11.03"]
[SourceVersion "1"]
[SourceVersionDate "2004.11.03"]
[SourceQuality "1"]
[WhiteTeam "02"]
[BlackTeam "09"]
[WhiteTeamCountry "YUG"]
[BlackTeamCountry "YUG"]

1. d4 Nf6 2. c4 g6 3. Nc3 Bg7 4. e4 d6 5. f3 0-0 6. Bg5 c5 7. d5 e6 8. Qd2 exd5 9. cxd5 a6 10. a4 Nbd7 11. Nge2 Qa5 12. Ra3 Ne5 13. Nc1 Re8 14. Be2 Rb8 15. 0-0 c4 16. Be3 Qc7 17. a5 Bd7 18. N1a2 b5 19. axb6 Rxb6 20. Bxb6 Qxb6+ 21. Kh1 h5 22. Nd1 Bc8 23. Qb4 Qa7 24. Nac3 h4 25. f4 Neg4 26. Qxc4 g5 27. fxg5 Ne5 28. Qa4 Nfd7 29. Nb5 Qb6 30. Nd4 Qd8 31. Nf5 Bf8 32. Nxh4 Nc5 33. Qc2 Ng4 34. g6 fxg6 35. Nxg6 Bg7 36. e5 Nxe5 37. Nxe5 Rxe5 38. Re3 Rg5 39. b4 Nd7 40. Nf2 Ne5 41. Nh3 Rg6 42. Rxe5 1-0

[Event "SCG-chT Vojvodina"]
[Site "Sombor"]
[Date "2004.09.28"]
[Round "5.6"]
[White "Marjanusic, Vladimir"]
[Black "Strangar, Zlatko"]
[Result "0-1"]
[WhiteElo "2272"]
[BlackElo "2195"]
[PlyCount "52"]
[EventDate "2004.09.25"]
[EventType "team-tourn"]
[EventRounds "11"]
[EventCountry "YUG"]
[SourceTitle "CBM 102 Extra"]
[Source "ChessBase"]
[SourceDate "2004.11.03"]
[SourceVersion "1"]
[SourceVersionDate "2004.11.03"]
[SourceQuality "1"]
[WhiteTeam "01"]
[BlackTeam "09"]
[WhiteTeamCountry "YUG"]
[BlackTeamCountry "YUG"]

1. e4 e6 2. d4 d5 3. Nc3 Nf6 4. Bg5 Be7 5. e5 Nfd7 6. h4 0-0 7. Bd3 f5 8. exf6 Nxf6 9. Nf3 c5 10. dxc5 Bxc5 11. Qe2 Nc6 12. a3 a6 13. 0-0-0 b5 14. g4 b4 15. axb4 Bxb4 16. Bd2 Qa5 17. g5 Ng4 18. h5 Rb8 19. Rdg1 Qa1+ 20. Nb1 Ba3 21. Bc3 Bxb2+ 22. Kd2 Qa4 23. Nd4 Rxf2 24. Rxg4 Rxe2+ 25. Bxe2 Nxd4 26. Rxd4 Bxc3+ 0-1